The franchise survival guide : real,world solutions for turning your investment into a money making business

Bibliographic Details
Main Author: Green, Carol B.
Format: Book
Published: Singapore : SSMB , 1994
Subjects:

MARC

LEADER 00000cam a2200000 7i4500
001 0000006559
002 000007074
005 20011019.0
020 |a 9813046279 
090 0 0 |a 658.8708   |b GRE 
100 1 |a Green, Carol B. 
245 1 4 |a The franchise survival guide :   |b real,world solutions for turning your investment into a money making business   |c Carol B.Green 
260 |a Singapore :   |b SSMB ,   |c 1994 
300 |a 231p. ;   |c 22cm. 
650 0 0 |a Franchises (Retail trade) 
999 |a 039017   |b BUKU   |c PINJAMAN   |e PERPUSTAKAAN KOMUNITI PETALING JAYA